00779nam a2200181 a 4500008004100000050001400041100002400055245006700079260003800146300002200184350000900206500001800215650001400233650003400247995014700281995015200428999001700580120416s1958 ||||||||||||||||| || u aHD 82 Hir aHirschman, Albert O14aThe strategy of economic developmentcby Albert O. Hirschman  aNew Haven:bYale Universityc1958 axiii, 217p.: ill. a0.00 aInclude Index 0aECONOMICS aECONOMICS--STRATEGIC PLANNING aANNEX COLLECTION (Main Library)D0.00e710253FCBU-MAIN LIBRARY (Kitwe)H1I0.00jHD 82 HirM1UAVAILABLEy003933ZAnnex Low-Usage Collection  aSPECIAL COLLECTIONSe500023FCBU-DAG HAMMARSKJOLD INSTITUTE LIBRARYI0.00jDAG HD 82 HirM1UAVAILABLEWAug 14, 2012y500023ZDHIPS Book Collection c76879d76879